| 000 | 00363 a2200157 4500 | ||
|---|---|---|---|
| 001 | 169918 | ||
| 020 | _a | ||
| 040 | _cMagnum | ||
| 100 | _aBorges, Geruza Helena | ||
| 240 | 1 | 0 |
_aEstudos sociais - v.4: minas patriazinha _lpor |
| 245 | 1 | 0 | _aEstudos sociais - v.4: minas patriazinha |
| 362 | 0 | _a1899 | |
| 440 | 1 | _aFTD | |
| 697 | _aPARADIDATICO | ||
| 942 | _cBK | ||
| 999 |
_c169918 _d169918 |
||